Procesný prístup stanovenia hodnotovo orientovaných cien
Vnímanie hodnoty spotrebovávaných produktov a služieb je ovplyvnené aktuálnymi zmenami v trhovom prostredí. Ak chce firma uspieť v prostredí zintenzívňujúceho sa konkurenčného boja je nevyhnutné, aby disponovala určitou konkurenčnou výhodou. Hodnotovo orientovaná cenotvorba a proces stanovenia hodno...
Enregistré dans:
| Auteur principal: | |
|---|---|
| Format: | Chapitre de livre |
| Langue: | slovaque |
| Sujets: | |
| Tags: |
Pas de tags, Soyez le premier à ajouter un tag!
|
MARC
| LEADER | 00000nla a2200000 4500 | ||
|---|---|---|---|
| 001 | 0160950 | ||
| 005 | 20240502072808.1 | ||
| 041 | 0 | |a slo | |
| 044 | |a SK | ||
| 245 | 1 | 0 | |a Procesný prístup stanovenia hodnotovo orientovaných cien |c Jakub Kintler |
| 520 | |a Vnímanie hodnoty spotrebovávaných produktov a služieb je ovplyvnené aktuálnymi zmenami v trhovom prostredí. Ak chce firma uspieť v prostredí zintenzívňujúceho sa konkurenčného boja je nevyhnutné, aby disponovala určitou konkurenčnou výhodou. Hodnotovo orientovaná cenotvorba a proces stanovenia hodnotovo orientovaných cien. Hodnotovo orientovaná cenotvorba poskytuje firme priestor pre stanovenie cien na takej úrovni, ktorá zodpovedá očakávaniam spotrebiteľa a súčasne je v korelácii s jeho vnímaním hodnoty spotreby | ||
| 610 | 2 | 0 | |a tvorba cien |
| 610 | 2 | 0 | |a prostredie ekonomické |
| 610 | 2 | 0 | |a služby |
| 610 | 2 | 0 | |a produkty |
| 610 | 2 | 0 | |a podnik |
| 610 | 2 | 0 | |a spotrebitelia |
| 100 | 1 | |a Kintler, Jakub, 1979- | |